Регионална библиотека "Любен Каравелов" - Русе

Бракът по българските земи през XIX в. (до 1878 г.) (Запис номер 516588)

MARC детайли
000 -Лидер
Лидер 01759nam a2200361 a 4500
003 - Код на организацията, давaща контролен номер
Код на организацията, даваща контролен номер BLK
005 - Дата и час на последна редакция
Дата и час на последна редакция 20250530142228.0
007 - Фиксирано поле за физическо описани
Физическо описание ta
008 - Елементи от данни с фиксирана дължина
Елементи с фиксирана дължина 221104b bu |||||r|||| 00| | bu d
020 ## - Международен стандартен номер на книга ISBN
ISBN 9786192454159
040 ## - Източник на каталожния запис
Код на библиотеката BLK
041 ## - Код за език
Език Български
Език за КДБФ Български
080 ## - УДК
9 (RLIN) 401773
УДК текст Женитба. Сватба. Бракосъчетание
УДК код 392.5
УДК – определител (497.2)(091)
УДК – код + определител 392.5(497.2)(091)
084 ## - Класификационен индекс по друга класификация
Авторски знак Ан - А 64
100 ## - Редна дума - Автор
R(LIN) 336217
Автор Ангелова, Даниела Стефанова
245 ## - Сведения за заглавието
Заглавие Бракът по българските земи през XIX в. (до 1878 г.)
Авторска отговорност Даниела Ангелова
246 01 - Различни форми на заглавието
Различни форми на заглавието The Marriage in the Bulgarian lands during the 19th century (until 1878)
250 ## - Област на изданието
Поредност на изданието 2. доп. изд.
260 ## - Област на издателските данни
9 (RLIN) 209388
Място на издаване София
Име на издателя Акад. изд. Проф. Марин Дринов
Година на издаване 2024
300 ## - Физическа характеристика
Брой страници 192 с.
Илюстрации с табл.
Размер 25 см
380 ## - Жанр
Жанр Обществени науки
500 ## - Общи забележки
Обща забележка Загл. и на англ. ез.: The Marriage in the Bulgarian lands during the 19th century (until 1878)<br/>1. изд. 2020 на изд. Регалия 6<br/>Изд. на Институт за изследване на населението и човека при БАН<br/>Терминол. речник: с. 185-186<br/>Рец.: Щелиян Щерионов, Венцислав Мучинов<br/>Рез. на англ. ез.
504 ## - Забележка за наличие на библиография и др
Библиография Библиогр.: с. 171-183
650 #7 - Допълнително описание по предмет – тема
9 (RLIN) 149149
Предметна рубрика Брак (право)
650 #0 - Допълнително описание по предмет – тема
9 (RLIN) 260589
Предметна рубрика Лично и семейно право - България
650 #0 - Допълнително описание по предмет – тема
9 (RLIN) 247281
Предметна рубрика България - етнография
852 ## - Местоположение
Сигнатура (форматна) Цб 324115
Отдел Хранилище
856 ## - Електронен адрес и достъп
Инструкция (цена за достъп) 0.00
Права за достъп disable
942 ## - АРТИКУЛИ
Вид на библиотечния документ Книги
Скрит в OPAC Не
Koha issues (borrowed), all copies 2
944 ## - СЪЗДАВАНЕ И РЕДАКЦИЯ на ЗАПИСА
Дата на регистрацията/редакция Кети Илиева
Служител, извършил регистрацията/редакцията 30576
Номер на служител Цветомила Тодорова
999 ## - СИСТЕМНИ КОНТРОЛНИ НОМЕРА
Koha biblionumber 516588
Koha biblioitemnumber 516588
999 ## - СИСТЕМНИ КОНТРОЛНИ НОМЕРА
Koha biblioitemnumber 516588
999 ## - СИСТЕМНИ КОНТРОЛНИ НОМЕРА
Koha biblioitemnumber 516588
Наличности
Код за отписване Код за изгубен артикул Източник на класификационната схема Код за повреда Коз за рестрикции Код за отдаване Артикулен № Име на библиотеката - собственик Име на библиотеката, в която се намира в момента Статус (Текущо местоположение) Дата на вписване в системата Местоположение - отдел Цена в лева Инвентарен номер Систематично азбучна сигнатура Баркод Цена в евро Служебен тип на артикула
  Не е изгубен Universal Decimal Classification Не е повреден само за читалня ползва се в читалня 948480 Регионална библиотека "Любен Каравелов" Русе Регионална библиотека "Любен Каравелов" Русе Хранилище 2024-09-11 Хранилище 24.00 120000911832 Цб 324115 120000911832 12.27 Книги
  Не е изгубен Universal Decimal Classification Не е повреден   заемане за дома 958126 Регионална библиотека "Любен Каравелов" Русе Регионална библиотека "Любен Каравелов" Русе Заемна - подръчен фонд 2025-01-13 Заемна - подръчен фонд 16.80 120000916785 392/А 64 Д 120000916785 8.59 Книги
Vip Innovations Ltd, Rousse, Bulgaria 2025